000 00379nam a2200157Ia 4500
008 121011t xxu||||| |||| 00| 0 sin d
041 _asin
080 _a8 S - 31
_bSAP
100 _aSaputhanthri,Karunarathna
245 _aපව් පඳුරු
246 _aPaw Paduru
300 _a175p., 18 cm
942 _cBK
999 _c74250
_d74250
003 LK-CoDNM
040 _aLK-CoDNM
_dLK-CoDNM
_eLK-CoDNM